[Event "IND-ch Rapid"]
[Site "Mahilong"]
[Date "2025.03.22"]
[Round "11"]
[White "Neelotpal, Das"]
[Black "Mitrabha, Guha"]
[Result "1/2-1/2"]
[WhiteElo "2286"]
[BlackElo "2490"]
[PlyCount "102"]
[EventDate "2025.03.20"]
[EventType "tourn (rapid)"]
[EventRounds "11"]
[EventCountry "IND"]
[SourceTitle "CB13_2025"]
[SourceDate "2025.03.26"]
[SourceVersion "1"]
[SourceVersionDate "2025.03.26"]
[SourceQuality "1"]

1. d4 Nf6 2. c4 e6 3. Nf3 c5 4. e3 d5 5. Nc3 a6 6. cxd5 exd5 7. dxc5 Bxc5 8. g3 0-0 9. Bg2 Nc6 10. 0-0 Bg4 11. h3 Bh5 12. g4 Bg6 13. Nh4 Be4 14. f3 d4 15. Na4 Ba7 16. fxe4 dxe3 17. Kh1 Qc7 18. Nf5 Bb8 19. Qd6 Qa5 20. Nh6+ gxh6 21. Qxf6 Be5 22. Qh4 e2 23. Re1 Qxa4 24. Bxh6 Rfe8 25. Rxe2 Re6 26. Rf1 Qb4 27. Ref2 Qd6 28. Bf4 Bxf4 29. Rxf4 Ne5 30. Rf6 Rae8 31. Qg5+ Kh8 32. R6f5 Qd4 33. b3 Rg8 34. Qc1 Re7 35. Rd1 Qb6 36. Qb2 f6 37. Rdf1 Rg6 38. g5 Rxg5 39. Rxf6 Qe3 40. R6f5 Kg7 41. R5f3 Qb6 42. Rf5 Qe3 43. Rxg5+ Qxg5 44. Rf5 Qg3 45. Qd4 Re6 46. Qd8 Ng6 47. Qd4+ Re5 48. Qd7+ Re7 49. Qd4+ Re5 50. Qd7+ Re7 51. Qd4+ Re5 1/2-1/2

[Event "IND-ch Rapid"]
[Site "Mahilong"]
[Date "2025.03.20"]
[Round "4"]
[White "Shahil, Dey"]
[Black "Mitrabha, Guha"]
[Result "0-1"]
[WhiteElo "2172"]
[BlackElo "2490"]
[PlyCount "80"]
[EventDate "2025.03.20"]
[EventType "tourn (rapid)"]
[EventRounds "11"]
[EventCountry "IND"]
[SourceTitle "CB13_2025"]
[SourceDate "2025.03.26"]
[SourceVersion "1"]
[SourceVersionDate "2025.03.26"]
[SourceQuality "1"]

1. Nf3 Nf6 2. b3 d5 3. Bb2 Bg4 4. e3 Nbd7 5. h3 Bh5 6. Be2 e6 7. 0-0 Bd6 8. d4 Ne4 9. Nbd2 f5 10. Ne5 Bxe2 11. Qxe2 Bxe5 12. dxe5 0-0 13. Rfd1 Nxd2 14. Qxd2 Rf7 15. Rac1 Qe8 16. c4 Nb6 17. Bd4 Rd7 18. Bxb6 axb6 19. a4 Rad8 20. c5 bxc5 21. Rxc5 Qe7 22. Qd4 h6 23. Rdc1 Ra8 24. a5 Kh7 25. b4 c6 26. b5 Rxa5 27. bxc6 Rxc5 28. Rxc5 Rc7 29. cxb7 Rxb7 30. Kh2 Ra7 31. Rc2 Qf7 32. g3 Rb7 33. Kg2 Qh5 34. Qa1 Rb8 35. Rc7 Qg6 36. Re7 f4 37. Qa7 Qe4+ 38. Kh2 fxg3+ 39. Kxg3 Qg6+ 40. Kh2 Rb1 0-1